Random song to artist - Statistics

General Stats
  • This quiz has been taken 26 times
  • The average score is 75 of 200
Answer Stats
Song Artist % Correct
Bohemian Rhapsody Queen
96%
Dancing Queen ABBA
87%
Bad Romance Lady Gaga
87%
In da club 50 Cent
83%
Toxic Britney Spears
83%
The Real Slim Shady Eminem
83%
Highway to Hell AC/DC
78%
Rolling in the Deep Adele
78%
Grenade Bruno Mars
78%
Jolene Dolly Parton
78%
Careless whisper George Michael
78%
SexyBack Justin Timberlake
78%
Roar Katy Perry
78%
Moves like Jagger Maroon 5
78%
Purple Rain Prince
78%
Diamonds Rihanna
78%
Here comes the sun The Beatles
78%
Hotel California The Eagles
78%
Africa Toto
78%
7 rings Ariana Grande
74%
I Want It That Way Backstreet Boys
74%
Jailhouse Rock Elvis Presley
74%
Take me to church Hozier
74%
Blinding Lights The Weeknd
74%
Call Me Maybe Carly Rae Jepsen
70%
Old Town Road Lil Nas X
70%
Man in the Mirror Michael Jackson
70%
Come as you are Nirvana
70%
Espresso Sabrina Carpenter
70%
Waka Waka Shakira
70%
Every Breath You Take The Police
70%
Ice Ice Baby Vanilla Ice
70%
California Love 2Pac
65%
Birds of a feather Billie Eilish
65%
Crocodile Rock Elton John
65%
Boulevard of Broken Dreams Green Day
65%
Enter Sandman Metallica
65%
Creep Radiohead
65%
Paint It, Black The Rolling Stones
65%
Stayin' Alive Bee Gees
61%
AMERICA HAS A PROBLEM Beyonce
61%
I gotta feeling Black Eyed Peas
61%
Get Lucky Daft Punk
61%
Drop it like it's hot Snoop Dogg
61%
Everybody Wants to Rule the World Tears for Fears
61%
Mr Brightside The Killers
61%
No scrubs TLC
61%
Respect Aretha Franklin
57%
Bound 2 Kanye West`
57%
I was made for loving you KISS
57%
Can't touch this MC Hammer
57%
Super bass Nicki Minaj
57%
505 Arctic Monkeys
52%
Heart of glass Blondie
52%
Say my name Destiny's Child
52%
One kiss Dua Lipa
52%
Don't stop believing Journey
52%
Lucid Dreams Juice WRLD
52%
Sweet Home Alabama Lynyrd Skynyrd
52%
Obsessed Mariah Carey
52%
Comfortably numb Pink Floyd
52%
Dancing in the Dark Bruce Springsteen
48%
Headlines Drake
48%
It Was a Good Day Ice Cube
48%
99 Problems Jay-Z
48%
Hot in Herre Nelly
48%
Bye bye bye NSYNC
48%
Straight Outta Compton N.W.A
48%
Smooth Operator Sade
48%
I know I'm not the only one Sam Smith
48%
Fein Travis Scott
48%
I don't want to miss a thing Aerosmith
43%
HOT TO GO! Chappell Roan
43%
Genie in a bottle Christina Aguilera
43%
Fortunate Son Creedence Clearwater Revival
43%
Starman David Bowie
43%
Fancy Iggy Azalea
43%
Since U been gone Kelly Clarkson
43%
Money Trees Kendrick Lamar
43%
Die Young Kesha
43%
Truth Hurts Lizzo
43%
Hotel Room Service Pitbull
43%
Beautiful girls Sean Kingston
43%
Kill Bill SZA
43%
Don't blame me Taylor Swift
43%
Light My Fire The Doors
43%
Paranoid Black Sabbath
39%
Dreams Fleetwood Mac
39%
Pink + white Frank Ocean
39%
Ridin' Solo Jason Derulo
39%
Family affair Mary J. Blige
39%
I Write Sins Not Tragedies Panic! At The Disco
39%
In the Air Tonight Phil Collins
39%
Under the Bridge Red Hot Chili Peppers
39%
California Dreamin' The Mamas and the Papas
39%
You're so Vain Carly simon
35%
Believe Cher
35%
Cool for the summer Demi Lovato
35%
Next episode Dr Dre
35%
First Class Jack Harlow
35%
Someone you loved Lewis Capaldi
35%
Drag me down One Direction
35%
West End Girls Pet Shop Boys
35%
Georgia on My Mind Ray Charles
35%
The Box Roddy Ricch
35%
Superstitious Stevie Wonder
35%
Linger The Cranberries
35%
PILLOWTALK ZAYN
35%
Before he cheats Carrie Underwood
30%
Von Dutch Charlie xcx
30%
Girls on film Duran Duran
30%
Pursuit of Happiness Kid Cudi
30%
Strip that down Liam Payne
30%
Stick season Noah Kahan
30%
God Save the Queen Sex Pistols
30%
You really got me The Kinks
30%
I’m a Believer The Monkees
30%
St. Chroma Tyler, the Creator
30%
Tears dry on their own Amy Winehouse
26%
Les Childish Gambino
26%
I Love You, I'm Sorry Gracie Abrams
26%
Domino Jessie J
26%
Diet Mountain Dew Lana Del Ray
26%
Shout out to my ex Little Mix
26%
Ain't no mountain high enough Marvin Gaye
26%
The dock of the bay Otis Redding
26%
Dynamite Taio Cruz
26%
Town called Malice The Jam
26%
Heaven Knows I'm miserable now The Smiths
26%
With or without you U2
26%
a lot 21 Savage
22%
No idea Don Toliver
22%
Boogie Wonderland Earth, Wind and Fire
22%
Use Somebody Kings of Leon
22%
Blame it on the rain Milli Vanilli
22%
Work it Missy Elliot
22%
So Sick Ne-Yo
22%
Slow hands Niall Horan
22%
Rockstar Nickleback
22%
Morning Glory Oasis
22%
My Girl The Temptations
22%
It's raining men The Weather Girls
22%
Mood 24kGoldn
17%
If I ain't got you Alicia Keys
17%
212 Azealia Banks
17%
Charmless man Blur
17%
Up Cardi B
17%
Club can't handle me Flo Rida
17%
Love don't cost a thing Jennifer Lopez
17%
7 years Lucas Graham
17%
Scotty doesn't know Lustra
17%
The Spins Mac Miller
17%
Rule the world Take That
17%
Love in this club Usher
17%
Fashion Killa ASAP Rocky
13%
Under the influence Chris Brown
13%
Baseline Junkie Dizzee Rascal
13%
Can't take my eyes off you Frankie Valli
13%
Take me out Franz Ferdinand
13%
Kiwi Harry Styles
13%
Everybody in love JLS
13%
rollin' (Air Raid Vehicle) Limp Bizkit
13%
Sway Michael Buble
13%
Troublemaker Olly Murs
13%
So fresh so clean Outkast
13%
It's tricky Run-D.M.C.
13%
Murder on the Dancefloor Sophie Ellis-Bextor
13%
Rapper’s Delight Sugar Hill Gang
13%
Naive The Kooks
13%
It's not right but it's okay Whitney Houston
13%
Ain't Nobody Chaka Khan
9%
Starlight Dave
9%
Candy Doja Cat
9%
Never too much Luther Vandross
9%
Like a Prayer Maddona
9%
Motivation Normani
9%
Break from Toronto PARTYNEXTDOOR
9%
Not nineteen forever The Courteeners
9%
A-Punk Vampire Weekend
9%
You raise me up Westlife
9%
Poison Bel Biv DeVoe
4%
Long way 2 go Cassie
4%
100% pure love Crystal Waters
4%
Work it out J Cole
4%
Oui Jeremih
4%
Hold My Hand Jess Glynn
4%
Ex-factor Ms. Lauryn Hill
4%
Chelsea Dagger The Fratellies
4%
Fit but you know it The Streets
4%
Taste Aitch
0%
7 Catfish and the Bottleman
0%
Get Up Ciara
0%
Groove Is in the Heart Deee-Lite
0%
Be Faithful Fatman Scoop
0%
Love Keyshia Cole
0%
I got love Nate Dogg
0%
Closer Nine Inch Nails
0%
Vibeology Paula Abdul
0%
We belong together Ritchie Valens
0%
Skip to the good bit Rizzle Kicks
0%
No matching quizzes found
Score Distribution
Percent of People with Each Score
Percentile by Number Answered
Your Score History
You have not taken this quiz